[Event "Cologne Longerich op-A 12th"]
[Site "Cologne"]
[Date "2015.08.02"]
[Round "4"]
[White "Sewald, Kathrin"]
[Black "Renner, Michael"]
[Result "1/2-1/2"]
[WhiteElo "1661"]
[BlackElo "1885"]
[PlyCount "49"]
[EventDate "2015.07.31"]
[EventType "tourn"]
[EventRounds "5"]
[EventCountry "GER"]
[SourceTitle "EXT 2017"]
[Source "ChessBase"]
[SourceDate "2016.10.25"]
[SourceVersion "1"]
[SourceVersionDate "2016.10.25"]
[SourceQuality "1"]

1. e4 c6 2. d4 d5 3. exd5 cxd5 4. Bd3 Nf6 5. f3 e6 6. Ne2 Be7 7. Ng3 Nc6 8. c3 Bd7 9. f4 Qb6 10. Qe2 Rc8 11. 0-0 g6 12. Nd2 0-0 13. h3 Bd6 14. Nf3 Ne7 15. Ne5 a6 16. a4 Qd8 17. Nh1 h5 18. Nf2 Kg7 19. g3 Nf5 20. Nh1 Bc6 21. Be3 Rh8 22. h4 Ne4 23. Bxe4 dxe4 24. Nxc6 Rxc6 25. Bf2 1/2-1/2

[Event "Cologne Longerich op-A 12th"]
[Site "Cologne"]
[Date "2015.08.01"]
[Round "3"]
[White "Renner, Michael"]
[Black "Guelsen, Taylan"]
[Result "0-1"]
[WhiteElo "1885"]
[BlackElo "2056"]
[PlyCount "46"]
[EventDate "2015.07.31"]
[EventType "tourn"]
[EventRounds "5"]
[EventCountry "GER"]
[SourceTitle "EXT 2017"]
[Source "ChessBase"]
[SourceDate "2016.10.25"]
[SourceVersion "1"]
[SourceVersionDate "2016.10.25"]
[SourceQuality "1"]

1. Nf3 g6 2. c4 Bg7 3. g3 e5 4. Nc3 d6 5. Bg2 c5 6. 0-0 Nc6 7. a3 f5 8. d3 h6 9. Bd2 Nf6 10. Qc2 0-0 11. Rad1 g5 12. e3 Qe8 13. Nb5 Qe7 14. Nc3 Be6 15. Ne1 f4 16. Nd5 Qf7 17. Nxf6+ Qxf6 18. Bxc6 bxc6 19. exf4 gxf4 20. gxf4 Bh3 21. f3 Qg6+ 22. Kf2 exf4 23. Rg1 Bd4+ 0-1